L'enseignement secondaire et la démocratie / (Record no. 167368)

MARC details
000 -LEADER
campo de control de longitud fija 00592nam a22001695i 4500
001 - NÚMERO DE CONTROL
campo de control 167368
003 - IDENTIFICADOR DE NÚMERO DE CONTROL
campo de control ES-MaACL
005 - FECHA Y HORA DE LA ÚLTIMA TRANSACCIÓN
campo de control 20230906213517.0
008 - DATOS DE LONGITUD FIJA--INFORMACIÓN GENERAL
campo de control de longitud fija 030130s1901 fr |||| | fre d
040 ## - FUENTE DE CATALOGACIÓN
Centro catalogador/agencia de origen CCPB | B
Lengua de catalogación spa
Centro/agencia transcriptor CCPB | B
100 1# - ENTRADA PRINCIPAL--NOMBRE DE PERSONA
Nombre de persona Vial, Francisque.
9 (RLIN) 114260
245 12 - MENCIÓN DEL TÍTULO
Título L'enseignement secondaire et la démocratie /
Mención de responsabilidad, etc. par Francisque Vial.
260 ## - PUBLICACIÓN, DISTRIBUCIÓN, ETC.
Lugar de publicación, distribución, etc. Paris :
Nombre del editor, distribuidor, etc. Librairie Armand Colin,
Fecha de publicación, distribución, etc. 1901 (
Lugar de fabricación/manufactura Coulommiers :
Fabricante Imprimerie Paul Brodard)
300 ## - DESCRIPCIÓN FÍSICA
Extensión XI, 328 p. ;
Dimensiones 18 cm.
650 #4 - PUNTO DE ACCESO ADICIONAL DE MATERIA--TÉRMINO DE MATERIA
Término de materia o nombre geográfico como elemento de entrada Enseñanza secundaria-
Subdivisión geográfica Francia.
9 (RLIN) 135996
852 ## - LOCALIZACIÓN
Ubicación ES-MaACL
Número de control de estantería D-1246
Nota libre -- Enc. hol.
Holdings
Estatus retirado Estado de pérdida Estado de daño No para préstamo Biblioteca de origen Biblioteca actual Ubicación en estantería Fecha de adquisición Fuente de adquisición Total de préstamos Signatura topográfica completa Código de barras Visto por última vez Precio de reemplazo Tipo de ítem Koha
        Biblioteca del Ateneo de Madrid Biblioteca del Ateneo de Madrid Sala Valle Inclán 17/01/2008     D-1246 901175578 23/02/2023 23/02/2023 Libro impreso antiguo